| 000 | 01819nam a2200217Ia 4500 | ||
|---|---|---|---|
| 999 |
_c40306 _d40306 |
||
| 003 | OSt | ||
| 005 | 20210216152353.0 | ||
| 008 | 160316s2014 xxu||||| |||| 00| 0 eng d | ||
| 020 | _a9781316500606 | ||
| 040 | _cn | ||
| 082 |
_a341.481000 _bFOL |
||
| 100 | _aFollesdal Andreas | ||
| 245 | _aThe legitimacy of international human rights regimes : Legal, political and philosophical perspectives | ||
| 260 |
_aCambridge _bCambridge University Press _c2014 |
||
| 300 |
_a309p _cxi |
||
| 365 | _bRs. 6,271 | ||
| 505 | _aTable of contents 1. International human rights and the challenge of legitimacy Johan Karlsson Schaffer, Andreas Follesdal and Geir Ulfstein; 2. The legitimate authority of international human rights: on the reciprocal legitimation of domestic and international human rights Samantha Besson; 3. On the legitimate authority of international human rights bodies Steven Wheatley; 4. Equality, human rights, and political legitimacy Kristen Hessler; 5. The legitimacy of international interpretive authorities for human rights treaties: an indirect-instrumentalist defence Basak Cali; 6. Torture and the politics of legitimation in international law Ian Hurd; 7. Legitimacy, institutional power, and international human rights institutions: a conceptual enquiry Lynn Dobson; 8. Legitimacy, global governance and human rights institutions: inverting the puzzle Johan Karlsson Schaffer; 9. The democratic legitimacy of international human rights conventions: political constitutionalism and the Hirst case Richard Bellamy; 10. Much ado about nothing? International judicial review of human rights in well-functioning democracies Andreas Follesdal. | ||
| 650 | _a1. Human Rights2. Effectiveness & Validtity Of Law | ||
| 700 |
_aSchaffer Johan Karlsson _aUlfstein Geir |
||
| 942 |
_2ddc _cBK |
||